[Event "3rd ESNAI-ch 2018"]
[Site "Klaksvik"]
[Date "2018.04.17"]
[Round "4"]
[White "Berend, Fred"]
[Black "Efimov, Igor"]
[Result "0-1"]
[WhiteElo "2357"]
[BlackElo "2407"]
[Annotator "TA"]
[PlyCount "84"]
[EventDate "2018.??.??"]
[EventType "tourn"]
[EventCountry "FAI"]
[SourceTitle "playchess.com"]
[Source "ChessBase"]
[SourceQuality "1"]

{[%evp 9,84,56,60,63,72,72,74,33,37,33,31,-19,-21,-22,-19,-48,16,11,31,26,30,20,31,14,34,0,0,-61,0,0,-5,-23,-28,-10,-29,-29,-25,-27,-32,-31,-12,-15,17,7,80,0,0,0,0,-54,-34,-114,-116,-191,-132,-125,-88,-103,-67,-68,-60,-170,-101,-99,-101,-229,-194,-29990,-29991,-29991,-29992,-29993,-29989,-29994,-29990,-29990,-29991]} 1. e4 e6 2. d4 d5 3. Nc3 a6 4. Bd3 Nc6 5. Nf3 Nf6 {LiveBook: 3 Games} (5... Nb4 6. Be2 Nf6 7. exd5 Nbxd5 8. Nxd5 exd5 9. O-O Bd6 10. Bg5 h6 11. Bh4 O-O 12. Ne5 {1-0 (44) Tregubov,P (2628)-Bauer,C (2599) Clichy 2004}) 6. a3 {C10: French with 3 Nc3: Unusual Black 3rd moves and 3...dxe4} Be7 7. O-O O-O 8. Re1 $146 {White is better.} ({Predecessor:} 8. e5 Nd7 9. Ne2 f6 10. Nf4 Ndxe5 11. dxe5 fxe5 12. Ne2 {0-1 (39) Michalek,J (2345)-Trapl,J (2363) Czechia 2001}) 8... dxe4 9. Bxe4 Nxe4 10. Rxe4 Bf6 11. h4 h6 12. Bf4 Bd7 (12... b5 $15) 13. Qd2 Kh7 14. Rd1 Ne7 15. Be5 Bc6 16. Qd3 {Hoping for Bxf6.} Kh8 (16... Bxe4 {keeps more tension.} 17. Nxe4 Nf5 18. Bxf6 gxf6 19. Ng3 Qd7) 17. Rg4 Ng6 18. Bg3 (18. h5 $11 Nxe5 19. Nxe5) 18... Bxf3 (18... h5 $15 19. Rxg6 fxg6) 19. Qxf3 $11 Bxh4 20. Bxh4 Nxh4 21. Qxb7 Rb8 22. Qxa6 f5 23. Rg3 f4 24. Rh3 $1 Qg5 {[%csl Gh4][%cal Rg5g2]} 25. Qf1 Rxb2 (25... f3 $5 {[%cal Rf3g2]} 26. g3 Ng2 $11) 26. Ne4 Qg6 (26... Qe7 $11 {keeps the balance.}) 27. Re1 (27. Nc5 $16 Nf5 28. Qe2) 27... Nf5 28. Qd3 Rd8 29. c3 ({Better is} 29. Nc5 $11) 29... Ne3 $1 $15 30. Rhxe3 (30. Rh2 $15 Ng4 31. Nc5) 30... fxe3 $17 31. Rxe3 {[#]} (31. Qxe3 $17 {was called for.} Ra8 32. Qf4) 31... Ra2 $40 {[%mdl 128] Black is out for blood.} (31... e5 $1 $19 {[%mdl 512]} 32. d5 (32. dxe5 Rxd3) 32... Ra2) 32. Nc5 Qf6 33. Qf1 Qf5 34. Rf3 Qg6 35. g3 (35. Rg3 $15 Qc2 36. Nxe6) 35... Qh5 (35... Rxa3 $19 {Threatens to win with ...e5!} 36. Nd3 Rda8) 36. Kg2 {[#]} Qd5 $1 37. Qd3 (37. Nd3 $17 {was the only defense.} Rxa3 38. Nf4) 37... Rxa3 38. Kh2 $2 (38. Qe4 $19) 38... Qh5+ {Black mates.} 39. Kg2 Ra1 {[%csl Ga1][%cal Rh5h1]} 40. g4 Qh1+ 41. Kg3 Rg1+ 42. Kf4 Rf8+ {Precision: White = 40%, Black = 64%.} 0-1

[Event "3rd ESNAI-ch 2018"]
[Site "Klaksvik"]
[Date "2018.04.17"]
[Round "4"]
[White "Berg, Olaf"]
[Black "Klerides, Paris"]
[Result "0-1"]
[WhiteElo "2235"]
[BlackElo "2183"]
[Annotator "TA"]
[PlyCount "89"]
[EventDate "2018.??.??"]
[EventType "tourn"]
[EventCountry "FAI"]
[SourceTitle "playchess.com"]
[Source "ChessBase"]
[SourceQuality "1"]

{[%evp 14,89,-6,-16,-10,-43,-8,-23,-11,-59,-24,-34,-37,-24,-36,-41,-57,-85,-67,-60,-68,-82,-93,-129,-123,-251,-260,-299,-286,-286,-283,-288,-288,-274,-288,-266,-269,-277,-271,-310,-289,-306,-295,-314,-279,-274,-252,-398,-393,-387,-324,-481,-475,-474,-459,-515,-466,-491,-441,-594,-543,-691,-687,-912,-873,-1229,-1088,-1227,-1250,-5293,-5089,-29978,-29978,-29976,-29975,-29983,-29982,-5481]} 1. e4 d5 2. Nc3 dxe4 3. Nxe4 Qd5 4. Nc3 Qa5 5. b4 Qxb4 6. Rb1 Qd6 7. Nf3 Nf6 {B01: Scandinavian Defence} 8. Bc4 {LiveBook: 3 Games} a6 9. d4 e6 {Black is slightly better.} (9... b5 10. Bb3 Bb7 11. O-O e6 12. Re1 Be7 13. Ng5 Nd5 14. Nce4 Qd7 {1-0 (65) Nakamura,H (2651)-Har Zvi,R (2515) ICC INT 2007}) 10. O-O Be7 11. Re1 O-O 12. Ne4 $146 ({Predecessor (2):} 12. Qe2 Nc6 13. Ne4 Nxd4 14. Qd3 Nxe4 {½-½ (13) Stoppa,O (2283)-Finocchiaro,G (2084) Imperia 2013}) 12... Nxe4 13. Rxe4 b5 14. Bd3 Bb7 15. Re3 Nd7 {[%cal Bb8d7,Bd7c5,Bc5d3][%mdl 32] [#]} 16. Ba3 $1 {[%mdl 512]} c5 (16... Qxa3 17. Bxh7+) 17. dxc5 Nxc5 18. Ng5 h6 $36 {[%mdl 2048] Black is in control.} 19. Rh3 (19. Ne4 $17 Qc6 20. Qf1) 19... Qd5 $19 {[%csl Gb7][%cal Rd5g2] [#]} 20. Nf3 Nxd3 21. Bxe7 Nf4 22. Rh4 Qxd1+ 23. Rxd1 Bxf3 24. gxf3 Ng6 25. Bxf8 Nxh4 {[%mdl 4096] Endgame KRB-KRN} 26. Be7 Nxf3+ 27. Kg2 Ne5 28. a4 Rc8 29. axb5 axb5 30. Rd8+ (30. Bd6 {was necessary.} Ng6 31. Rc1) 30... Rxd8 31. Bxd8 {KB-KN} Kf8 32. Bc7 (32. Bb6 {keeps fighting.}) 32... Nc4 33. Kf3 Ke7 34. Ke4 Kd7 35. Bb8 Kc6 36. Ba7 f5+ {[%cal Bf7f5,Bf5f4,Bf4f3][%mdl 32]} 37. Kd4 e5+ {[%cal Be6e5,Be5e4][%mdl 32]} 38. Kc3 Kd5 39. Kb4 e4 40. Bc5 Kc6 41. Bf8 f4 42. Bxg7 e3 {Black mates.} 43. Bd4 Kd5 44. fxe3 f3 45. c3 {Precision: White = 23%, Black = 79%.} 0-1

[Event "3rd ESNAI-ch 2018"]
[Site "Klaksvik"]
[Date "2018.04.17"]
[Round "4"]
[White "Belzo, Krzysztof"]
[Black "Aloma Vidal, Robert"]
[Result "1/2-1/2"]
[WhiteElo "2103"]
[BlackElo "2440"]
[Annotator "TA"]
[PlyCount "202"]
[EventDate "2018.??.??"]
[EventType "tourn"]
[EventCountry "FAI"]
[SourceTitle "playchess.com"]
[Source "ChessBase"]
[SourceQuality "1"]

{[%evp 9,202,-5,-4,-15,-15,-19,-15,-20,-11,-16,-34,-18,-7,-27,-10,-13,0,-17,14,12,28,29,17,20,33,29,42,15,29,0,14,18,43,32,50,31,33,7,12,8,65,18,97,97,99,80,137,133,129,113,115,97,162,123,128,131,203,187,199,166,148,160,191,191,196,195,173,0,158,149,150,143,153,140,157,41,50,42,75,29,29,44,43,33,65,58,62,63,58,39,59,54,102,95,240,227,234,237,302,291,294,291,307,314,615,603,518,108,100,0,523,497,510,488,461,407,311,15,15,15,15,15,15,15,15,15,15,15,15,15,15,15,15,15,15,15,15,15,15,15,15,15,15,0,0,0,0,0,0,0,0,0,0,0,0,0,0,0,0,0,0,0,0,0,0,0,0,0,0,0,0,0,0,0,0,0,0,0,0,0,0,0,73,0,0,0,0,0,0,0,0,0,0,0,0]} 1. c4 g6 2. Nc3 {[%cal Bb1c3,Bc3d5,Bd5f6][%mdl 32]} Bg7 3. Nf3 e5 4. e4 Nc6 5. d3 d6 {LiveBook: 7 Games} 6. Bg5 {A27: English Opening: Three Knights Variation} (6. Be2 Nge7 7. Nd5 O-O 8. Bg5 f6 9. Bh4 Qd7 10. Qa4 Nxd5 11. cxd5 Nd4 12. Qxd7 Nxf3+ 13. Bxf3 Bxd7 {½-½ (23) Fridman,D (2670)-Naumann,A (2535) Bad Wiessee 2012}) 6... Nge7 7. Nd5 h6 $146 ({Predecessor:} 7... O-O 8. Nxe7+ Nxe7 9. Be2 c6 10. O-O f6 {0-1 (37) Borleffs,J (1456)-De Mooij,M (1786) Leiden 2007}) 8. Bf6 O-O 9. d4 {[%cal Rd4e5]} Bxf6 10. Nxf6+ Kg7 11. dxe5 dxe5 12. Qxd8 Rxd8 13. Nd5 Bg4 (13... f5 $5 {[%cal Rf5e4]}) 14. Nxe7 Nxe7 15. Nxe5 Be6 16. Rd1 g5 17. Be2 Kf6 18. Nf3 Nc6 19. h4 g4 20. Nh2 h5 21. f3 Rxd1+ 22. Bxd1 {[%cal Rf3g4]} gxf3 23. Rf1 Ne5 24. b3 Rd8 (24... Rg8 $11 25. Bxf3 Nxf3+ 26. Rxf3+ Ke5) 25. Be2 Ng6 (25... Rg8 $11 {keeps the balance.}) 26. Nxf3 Kg7 27. g3 Re8 ({Better is} 27... Bh3) 28. Ng5 $16 Rh8 29. Kf2 Ne5 30. Ke3 Bg4 (30... c5 $16) 31. Rd1 Re8 32. Rd5 f5 (32... b6 $16 {keeps fighting.} 33. Nf3 Bxf3 34. Bxf3 Kh6) 33. Bxg4 Nxg4+ $18 {[%mdl 4096] Endgame KRN-KRN} 34. Kf4 fxe4 35. Nxe4 Kg6 {Strongly threatening ...Rf8+.} 36. Rg5+ Kh6 37. Rf5 Kg6 38. Rg5+ Kh6 39. Nc5 b6 40. Ne4 Rd8 41. Rd5 Re8 42. Ng5 (42. Rf5 $16) 42... Kg6 $14 {next ...Rf8+ is good for Black.} 43. Rd2 Re1 44. Nh3 Rh1 45. Nf2 Rf1 46. Kf3 Kf5 47. Re2 Ne5+ 48. Kg2 Ra1 49. Rd2 a5 50. Nh3 a4 51. Rf2+ Kg6 (51... Ke4 $16) 52. Nf4+ $18 ({Don't play} 52. bxa4 $6 Nxc4 53. Nf4+ Kh6 $16) 52... Kh6 53. Re2 ({Don't do} 53. bxa4 $6 Nxc4 54. Re2 c5) 53... Ng4 54. bxa4 Nf6 55. Nd5 Nxd5 56. cxd5 {KR-KR} Kg6 $2 (56... Kh7 57. Rc2 Kg6 58. Rc6+ Kf5 59. Rxc7 Rxa2+ 60. Kh3 Rxa4) 57. Rc2 Kf5 58. Kh3 $2 (58. Rxc7 $18 {and White stays clearly on top.} Rxa2+ 59. Kh3) 58... Rh1+ $16 59. Kg2 $2 {[%mdl 8192]} (59. Rh2 $1 $16 {[%cal Rh2h1]} Rc1 60. Rf2+ Ke5 61. Rf7) 59... Ra1 $18 60. Rxc7 Rxa2+ {[#]} 61. Kh3 $1 Rxa4 62. Rc6 Rd4 63. Rxb6 $2 (63. Rh6 $18) 63... Rxd5 $11 64. Rh6 Ke4 65. Rg6 Rf5 66. Re6+ Re5 67. Ra6 Kf5 68. Rh6 Ke4 69. Kg2 Rf5 70. Re6+ Kd5 71. Re8 Kd6 72. Re4 Kd5 73. Re1 (73. Ra4 {feels hotter.} Ke5 74. Kh3 Kf6 75. Rb4 Kg7 76. Rb7+) 73... Re5 74. Ra1 Rf5 75. Ra6 Ke4 76. g4 hxg4 77. Kg3 Rf1 78. Kxg4 Rg1+ 79. Kh5 Kf5 80. Kh6 Rg4 81. h5 Rg1 82. Ra8 {Rf8+ is the strong threat.} Kf6 83. Rf8+ Ke7 84. Rf4 {Black must now prevent Kh7.} Rg2 85. Kh7 {And now Rf3 would win.} Rg5 86. h6 Rg1 87. Kh8 Rg6 88. Kh7 Rg1 89. Ra4 {Hoping for Rf4.} Kf7 90. Ra7+ Kf6 91. Rg7 Rh1 92. Rg2 Kf7 93. Rf2+ Ke7 94. Kg7 Rg1+ 95. Kh8 Rg6 {[#]} (95... Rc1 $11 96. h7 Rg1) 96. h7 (96. Kh7 $1 $16 {[%cal Rh7g6]} Rg1 97. Rf4) 96... Rg1 {The position is equal.} 97. Ra2 {aiming for Rf2.} Kf7 98. Ra7+ Kf8 99. Ra8+ Kf7 100. Rg8 Rf1 101. Rg7+ Kf8 {Precision: White = 55%, Black = 63%.} 1/2-1/2

[Event "3rd ESNAI-ch 2018"]
[Site "Klaksvik"]
[Date "2018.04.17"]
[Round "4"]
[White "Frick, Renato"]
[Black "Kirby, Peter J"]
[Result "1/2-1/2"]
[WhiteElo "2062"]
[BlackElo "1985"]
[Annotator "NA"]
[PlyCount "60"]
[EventDate "2018.??.??"]
[EventType "tourn"]
[EventCountry "FAI"]
[SourceTitle "playchess.com"]
[Source "ChessBase"]
[SourceQuality "1"]
[TimeControl "40/5400+30:1800+30"]

1. e4 {[%emt 0:00:00]} c5 {[%emt 0:00:03]} 2. Nf3 {[%emt 0:00:00]} Nc6 {[%emt 0:00:04]} 3. Nc3 {[%emt 0:00:00]} g6 {[%emt 0:00:09]} 4. d4 {[%emt 0:00:43]} cxd4 {[%emt 0:00:05]} 5. Nxd4 {[%emt 0:00:02]} Bg7 {[%emt 0:00:09]} 6. Be3 {[%emt 0:00:21]} Nf6 {[%emt 0:00:33]} 7. Be2 $11 {[%emt 0:06:25] LiveBook: 506 Games} O-O 8. Qd2 d5 9. Nxc6 bxc6 10. O-O-O Be6 11. exd5 Nxd5 12. Bd4 Bxd4 13. Qxd4 Nxc3 14. Qxc3 Qb6 15. Qe3 Qxe3+ 16. fxe3 Bd5 17. Bf3 Rfd8 18. b3 Kf8 {[%emt 0:33:58]} 19. e4 Be6 20. g4 {[%emt 1:17:11]} Ke8 {[%emt 0:04:23]} 21. h4 {[%emt 0:03:38]} Rxd1+ {[%emt 0:01:12]} 22. Kxd1 {[%emt 0:02:10]} Rd8+ {[%emt 0:02:50]} 23. Ke2 {[%emt 0:06:54]} h6 {[%emt 0:01:14]} 24. Ke3 {[%emt 0:00:23]} c5 {[%emt 0:03:53]} 25. Be2 {[%emt 0:07:21]} Kd7 {[%emt 0:02:29]} 26. g5 {[%emt 0:00:21]} Rh8 {[%emt 0:03:24]} 27. Kf4 {[%emt 0:01:03]} hxg5+ {[%emt 0:01:03]} 28. Kxg5 {[%emt 0:00:02]} Kd6 {[%emt 0:01:34]} 29. Kf4 {[%emt 0:00:21]} f6 {[%emt 0:01:27]} 30. Rd1+ {[%emt 0:00:27]} Kc7 {[%emt 0:01:58]} 1/2-1/2

[Event "3rd ESNAI-ch 2018"]
[Site "Klaksvik"]
[Date "2018.04.18"]
[Round "5"]
[White "Aloma Vidal, Robert"]
[Black "Ziska, Helgi Dam"]
[Result "0-1"]
[WhiteElo "2440"]
[BlackElo "2549"]
[Annotator "TA"]
[PlyCount "72"]
[EventDate "2018.??.??"]
[EventType "tourn"]
[EventCountry "FAI"]
[SourceTitle "playchess.com"]
[Source "ChessBase"]
[SourceQuality "1"]

{[%evp 24,72,36,0,0,0,12,-22,-12,-10,-20,-8,-7,-5,-12,-31,-23,-64,-75,-94,-96,-134,-138,-149,-156,-189,-189,-189,-179,-204,-209,-230,-226,-375,-378,-376,-367,-365,-340,-514,-506,-583,-572,-614,-417,-617,-600,-845,-842,-829,-820]} 1. d4 Nf6 2. c4 g6 3. Nc3 Bg7 4. e4 d6 5. Nf3 O-O 6. Be2 Na6 7. O-O e5 8. Re1 Bg4 9. Be3 {E94: King's Indian: Classical: 6 Be2 e5 7 0-0: Various Black 7th moves} Bxf3 10. Bxf3 exd4 11. Bxd4 Nb4 12. c5 Nc6 13. Be3 {LiveBook: 4 Games} dxc5 $1 14. Bxc5 Re8 {[#]} 15. h3 $146 ({Predecessor:} 15. Qb3 Nd7 16. Be3 Nd4 17. Bxd4 Bxd4 {½-½ (42) Lenderman,A (2598)-Perelshteyn,E (2534) Philadelphia 2010}) 15... Nd7 {[%cal Bf6d7,Bd7b6,Bb6c4,Bc4e3][%mdl 32]} 16. Be3 Nb6 17. Qxd8 Raxd8 18. Bg5 Rd3 19. Rac1 Nd4 $36 {[%mdl 2048] Black is more active.} 20. Bd1 Ne6 21. Be3 Nc4 $1 22. Nd5 Nxe3 23. Rxe3 Rxe3 24. Nxe3 Bxb2 25. Rb1 {[#]} Bd4 $1 26. Ba4 Rd8 27. Nd5 {[#]} c6 $1 {[%cal Rc6d5]} 28. Nb4 (28. Ne7+ {might work better.} Kf8 29. Rxb7) 28... Bc5 $19 29. Nc2 b5 30. Bb3 Rd2 31. Rf1 (31. Ne3 {is a better defense.}) 31... Ng5 32. Ne3 Nxe4 33. Ng4 Kg7 34. Rc1 (34. Rd1 $142) 34... f5 {Black is clearly winning.} 35. Ne5 Bxf2+ 36. Kh1 c5 {Precision: White = 15%, Black = 98%.} 0-1

[Event "3rd ESNAI-ch 2018"]
[Site "Klaksvik"]
[Date "2018.04.18"]
[Round "5"]
[White "Efimov, Igor"]
[Black "Berg, Olaf"]
[Result "0-1"]
[WhiteElo "2407"]
[BlackElo "2235"]
[Annotator "NA"]
[PlyCount "62"]
[EventDate "2018.??.??"]
[EventType "tourn"]
[EventCountry "FAI"]
[SourceTitle "playchess.com"]
[Source "ChessBase"]
[SourceQuality "1"]
[TimeControl "40/5400+30:1800+30"]

1. Nf3 {[%emt 0:00:00]} Nf6 {[%emt 0:00:24]} 2. d4 {[%emt 0:00:12]} d5 {[%emt 0:00:47]} 3. e3 {[%emt 0:00:55]} g6 {[%emt 0:01:59]} 4. c4 {[%emt 0:00:22]} c6 {[%emt 0:00:30]} 5. Nc3 {[%emt 0:00:19]} Bg7 {[%emt 0:00:18]} 6. Bd2 {[%emt 0:03:13]} O-O {[%emt 0:01:08]} 7. Rc1 {[%emt 0:00:33]} a6 {[%emt 0:11:12]} 8. cxd5 {[%emt 0:18:58]} cxd5 {[%emt 0:02:23]} 9. Ne5 {[%emt 0:00:35]} Nbd7 {[%emt 0:08:56]} 10. Nd3 {[%emt 0:01:56]} Re8 {[%emt 0:08:46]} 11. f4 $11 {[%emt 0:07:04]} Nb6 {[%emt 0:06:18]} 12. Be2 {[%emt 0:03:30]} Nc4 {[%emt 0:04:03]} 13. O-O {[%emt 0:00:32]} e6 {[%emt 0:12:20]} 14. Rc2 {[%emt 0:02:01]} Nxd2 {[%emt 0:10:55]} 15. Qxd2 {[%emt 0:00:21]} Qd6 {[%emt 0:06:57]} 16. Rfc1 {[%emt 0:11:51]} Bd7 {[%emt 0:01:04]} 17. Nc5 {[%emt 0:01:11]} Bc6 {[%emt 0:02:07]} 18. b4 {[%emt 0:04:01]} Nd7 {[%emt 0:02:32]} 19. b5 {[%emt 0:00:48]} axb5 {[%emt 0:02:27]} 20. Nxb5 {[%emt 0:01:20]} Qe7 {[%emt 0:02:11]} 21. Nb3 {[%emt 0:17:21]} Nf6 {[%emt 0:03:59]} 22. Bd3 {[%emt 0:06:58]} Red8 {[%emt 0:01:46]} 23. Na5 {[%emt 0:02:21]} Bxb5 {[%emt 0:00:49]} 24. Bxb5 {[%emt 0:00:01]} Ne4 {[%emt 0:00:17]} 25. Qe1 {[%emt 0:00:02]} Qa3 {[%emt 0:03:33]} 26. Nxb7 {[%emt 0:05:35]} Rdb8 {[%emt 0:00:05]} 27. Bc6 {[%emt 0:00:05]} Ra6 {[%emt 0:00:52]} 28. Rb1 {[%emt 0:01:01]} Qd3 {[%emt 0:02:21]} 29. Nc5 {[%emt 0:00:37]} Qxe3+ {[%emt 0:01:00]} 30. Qxe3 {[%emt 0:01:24]} Rxb1+ {[%emt 0:00:05]} 31. Rc1 {[%emt 0:00:08]} Bxd4 {[%emt 0:00:13]} 0-1

[Event "3rd ESNAI-ch 2018"]
[Site "Klaksvik"]
[Date "2018.04.18"]
[Round "5"]
[White "Klerides, Paris"]
[Black "Belzo, Krzysztof"]
[Result "1-0"]
[WhiteElo "2183"]
[BlackElo "2103"]
[Annotator "NA"]
[PlyCount "57"]
[EventDate "2018.??.??"]
[EventType "tourn"]
[EventCountry "FAI"]
[SourceTitle "playchess.com"]
[Source "ChessBase"]
[SourceQuality "1"]
[TimeControl "40/5400+30:1800+30"]

1. e4 {[%emt 0:00:00]} c5 {[%emt 0:00:14]} 2. Nf3 {[%emt 0:00:00]} g6 {[%emt 0:00:56]} 3. d4 {[%emt 0:00:00]} cxd4 {[%emt 0:00:28]} 4. Nxd4 {[%emt 0:00:00]} Bg7 {[%emt 0:00:05]} 5. Nc3 {[%emt 0:00:30]} Nc6 {[%emt 0:00:13]} 6. Be3 {[%emt 0:00:08]} Nf6 {[%emt 0:00:47]} 7. Bc4 {[%emt 0:00:16]} O-O {[%emt 0:02:05]} 8. Bb3 {[%emt 0:00:13]} d6 {[%emt 0:00:22]} 9. f3 {[%emt 0:00:21]} Bd7 {[%emt 0:00:43]} 10. Qd2 {[%emt 0:00:15]} Nxd4 {[%emt 0:04:15]} 11. Bxd4 {[%emt 0:00:41]} b5 {[%emt 0:00:03]} 12. h4 {[%emt 0:01:13]} h5 {[%emt 0:31:22]} 13. g4 {[%emt 0:18:48]} e5 {[%emt 0:05:57]} 14. Be3 $16 {[%emt 0:03:09]} Be6 {[%emt 0:07:50]} 15. gxh5 {[%emt 0:05:38]} Nxh5 {[%emt 0:02:45]} 16. O-O-O {[%emt 0:01:07]} Bxb3 {[%emt 0:08:49]} 17. cxb3 {[%emt 0:02:15]} b4 {[%emt 0:10:06]} 18. Nd5 {[%emt 0:01:14]} a5 {[%emt 0:11:16]} 19. Kb1 {[%emt 0:07:24]} Ra6 {[%emt 0:00:32]} 20. Rc1 {[%emt 0:02:22]} Ra8 {[%emt 0:04:10]} 21. Bb6 {[%emt 0:10:32]} Qd7 {[%emt 0:00:58]} 22. Rc7 {[%emt 0:01:24]} Qb5 {[%emt 0:00:01]} 23. Be3 {[%emt 0:06:17]} Kh7 {[%emt 0:00:44]} 24. Nb6 {[%emt 0:10:37]} Rab8 {[%emt 0:03:22]} 25. Nc4 {[%emt 0:01:51]} Rbd8 {[%emt 0:01:03]} 26. Ra7 {[%emt 0:04:08]} d5 {[%emt 0:01:05]} 27. Rxa5 {[%emt 0:01:28]} dxc4 {[%emt 0:00:22]} 28. Rxb5 {[%emt 0:00:05]} Rxd2 {[%emt 0:00:03]} 29. Bxd2 {[%emt 0:00:19]} 1-0

[Event "3rd ESNAI-ch 2018"]
[Site "Klaksvik"]
[Date "2018.04.18"]
[Round "5"]
[White "Theocharous, Stelios"]
[Black "Frick, Renato"]
[Result "1-0"]
[WhiteElo "2099"]
[BlackElo "2062"]
[Annotator "NA"]
[PlyCount "91"]
[EventDate "2018.??.??"]
[EventType "tourn"]
[EventCountry "FAI"]
[SourceTitle "playchess.com"]
[Source "ChessBase"]
[SourceQuality "1"]
[TimeControl "40/5400+30:1800+30"]

1. e4 {[%emt 0:00:00]} c5 {[%emt 0:02:13]} 2. Nf3 {[%emt 0:00:00]} e6 {[%emt 0:00:13]} 3. d4 {[%emt 0:00:00]} cxd4 {[%emt 0:00:06]} 4. Nxd4 {[%emt 0:00:00]} Nc6 {[%emt 0:00:08]} 5. Nc3 {[%emt 0:00:27]} Qc7 {[%emt 0:00:12]} 6. g3 {[%emt 0:01:28]} a6 {[%emt 0:03:00]} 7. Bg2 {[%emt 0:00:10]} Nf6 {[%emt 0:01:28]} 8. O-O {[%emt 0:00:38]} Be7 {[%emt 0:03:25]} 9. Re1 {[%emt 0:05:50]} d6 {[%emt 0:01:45]} 10. Nxc6 {[%emt 0:00:32]} bxc6 {[%emt 0:00:06]} 11. e5 {[%emt 0:00:12]} dxe5 {[%emt 0:10:16]} 12. Rxe5 {[%emt 0:00:08]} O-O {[%emt 0:00:19]} 13. Re1 {[%emt 0:03:39]} Bb7 {[%emt 0:02:12] LiveBook: 7 Games} 14. Bf4 $14 {[%emt 0:10:14]} Qa5 {[%emt 0:01:05]} 15. Be5 {[%emt 0:28:22]} Rad8 {[%emt 0:08:42]} 16. Qe2 {[%emt 0:01:32]} Rd7 {[%emt 0:03:14]} 17. Rad1 {[%emt 0:04:35]} Rfd8 {[%emt 0:05:24]} 18. Rxd7 {[%emt 0:07:39]} Rxd7 {[%emt 0:02:11]} 19. Qc4 {[%emt 0:04:12]} Nd5 {[%emt 0:20:59]} 20. Qg4 {[%emt 0:14:00]} Bf8 {[%emt 0:00:28]} 21. Rd1 {[%emt 0:01:39]} h5 {[%emt 0:24:18]} 22. Qxh5 {[%emt 0:05:10]} f6 {[%emt 0:04:03]} 23. Bh3 {[%emt 0:02:10]} f5 {[%emt 0:01:21]} 24. Qg6 {[%emt 0:03:47]} Nf4 {[%emt 0:00:19]} 25. gxf4 {[%emt 0:02:56]} Rxd1+ {[%emt 0:00:05]} 26. Nxd1 {[%emt 0:00:05]} Qe1+ {[%emt 0:00:11]} 27. Bf1 {[%emt 0:01:02]} Qxd1 {[%emt 0:00:11]} 28. Qxe6+ {[%emt 0:00:06]} Kh8 {[%emt 0:00:17]} 29. Qxf5 {[%emt 0:02:03]} Kg8 {[%emt 0:00:37]} 30. Qe6+ {[%emt 0:00:36]} Kh8 {[%emt 0:00:06]} 31. Qh3+ {[%emt 0:00:14]} Kg8 {[%emt 0:00:08]} 32. Qg2 {[%emt 0:00:55]} Qxc2 {[%emt 0:00:57]} 33. b3 {[%emt 0:00:28]} Qc1 {[%emt 0:04:15]} 34. h3 {[%emt 0:00:31]} Bc8 {[%emt 0:00:09]} 35. Kh2 {[%emt 0:00:39]} Be6 {[%emt 0:00:36]} 36. Be2 {[%emt 0:00:49]} Qc2 {[%emt 0:00:41]} 37. Bf3 {[%emt 0:01:01]} Qxa2 {[%emt 0:00:14]} 38. Bxc6 {[%emt 0:00:34]} Qxb3 {[%emt 0:00:08]} 39. f5 {[%emt 0:00:21]} Bf7 {[%emt 0:00:38]} 40. f6 {[%emt 0:00:00]} Qe6 {[%emt 0:00:13]} 41. f4 {[%emt 0:16:13]} Qa2 {[%emt 0:06:37]} 42. Bb2 {[%emt 0:01:37]} g6 {[%emt 0:01:02]} 43. Be4 {[%emt 0:00:51]} Bd6 {[%emt 0:00:43]} 44. Bxg6 {[%emt 0:02:45]} Bxf4+ {[%emt 0:00:19]} 45. Kh1 {[%emt 0:00:14]} Qd5 {[%emt 0:14:02]} 46. Bxf7+ {[%emt 0:00:28]} 1-0

[Event "3rd ESNAI-ch 2018"]
[Site "Klaksvik"]
[Date "2018.04.18"]
[Round "5"]
[White "Kirby, Peter J"]
[Black "Berend, Fred"]
[Result "0-1"]
[WhiteElo "1985"]
[BlackElo "2357"]
[Annotator "TA"]
[PlyCount "56"]
[EventDate "2018.??.??"]
[EventType "tourn"]
[EventCountry "FAI"]
[SourceTitle "playchess.com"]
[Source "ChessBase"]
[SourceQuality "1"]

{[%evp 22,56,31,4,5,-2,20,5,18,27,32,28,30,-89,-85,-76,-42,-77,-64,-82,-77,-90,-106,-134,-146,-258,-266,-1376,-1336,-1956,-1906,-1877,-1810,-29997,-29998,-29998,-29999]} 1. Nf3 g6 2. c4 Bg7 3. d4 Nf6 4. g3 O-O 5. Bg2 d6 6. O-O Nbd7 7. Nc3 e5 8. e4 c6 9. h3 Qb6 10. d5 cxd5 11. cxd5 Nc5 12. Ne1 {LiveBook: 24 Games} a5 {E69: King's Indian: Fianchetto: 6...Nbd7 7 0-0 e5 8 e4 c6 9 h3} 13. Rb1 $146 ({Predecessor:} 13. Nd3 Nxd3 14. Qxd3 Qd8 15. Be3 b6 16. Nb5 Ba6 17. Rfc1 Nd7 18. Rc6 Nc5 19. Qc4 f5 20. a4 {1-0 (43) Galliamova,A (2400)-Smyslov,V (2530) Aruba 1992}) 13... Qa6 14. Be3 Bd7 {The position is equal.} 15. Bxc5 dxc5 {[%cal Bd6c5,Bc5c4][%mdl 32]} 16. Nd3 Qd6 17. f4 (17. b3 $1 $11) 17... Nh5 $17 18. Qf3 ({Don't play} 18. fxe5 $6 Bxe5 19. Nxe5 Qxe5 $11) 18... exf4 19. gxf4 {White wants to play e5.} c4 20. e5 $1 {[%cal Re5d6]} Qb6+ 21. Nf2 Bf5 $36 {[%mdl 2048] Black has strong initiative.} 22. Rbc1 {With the idea d6.} Bh6 ({But not} 22... Qxb2 23. d6 $11) 23. d6 (23. Ne2 $17 Bd3 24. Rc3) 23... Nxf4 $19 24. Qxb7 $2 {[#]} (24. Rce1) 24... Nxh3+ 25. Kh1 Nxf2+ 26. Rxf2 Qxf2 27. Rd1 Qh4+ 28. Kg1 Be3+ {Precision: White = 31%, Black = 68%.} 0-1

[Event "3rd ESNAI-ch 2018"]
[Site "Klaksvik"]
[Date "2018.04.19"]
[Round "6"]
[White "Ziska, Helgi Dam"]
[Black "Frick, Renato"]
[Result "1-0"]
[WhiteElo "2549"]
[BlackElo "2062"]
[Annotator "TA"]
[PlyCount "54"]
[EventDate "2018.??.??"]
[EventType "tourn"]
[EventCountry "FAI"]
[SourceTitle "playchess.com"]
[Source "ChessBase"]
[SourceQuality "1"]

{[%evp 21,54,8,0,-4,-9,-10,0,-25,0,0,0,0,0,0,20,22,52,33,94,90,103,64,58,54,89,90,186,183,182,176,456,441,427,404,29998]} 1. e4 e6 2. d4 d5 3. Nd2 dxe4 4. Nxe4 Nd7 5. Nf3 Ngf6 6. Nxf6+ Nxf6 7. Bd3 c5 8. Be3 Qc7 {C10: French with 3 Nc3: Unusual Black 3rd moves and 3...dxe4} 9. Qe2 a6 10. O-O-O b5 11. dxc5 Bxc5 {LiveBook: 3 Games} 12. Bg5 Bb7 13. Bxf6 $146 ({Predecessor:} 13. Ne5 Bd6 14. f4 Nd5 15. Rhf1 O-O 16. Rf3 {0-1 (52) Shirov,A (2735)-Drozdovskij,Y (2567) Mainz 2007}) 13... gxf6 14. Be4 Qf4+ 15. Nd2 O-O-O 16. Bxb7+ Kxb7 17. Rhf1 h5 18. g3 Qf5 19. f4 Rc8 (19... Rd7 $14) 20. Ne4 $16 Rhd8 21. Rd3 Rxd3 22. Qxd3 Rc7 23. Rd1 {Black must now prevent Nd6+.} Qg6 (23... Ka7 $16) 24. Qf3 $18 Be7 25. Nxf6+ Kb8 $2 (25... Ka7 {was worth a try.} 26. Ne4 Kb8) 26. Nd7+ Ka7 {[%csl Gc7][%cal Rg6c2] [#]} 27. Qe3+ Kb7 {Precision: White = 79%, Black = 12%.} (27... Ka8 $18 28. Qf3+ Ka7 29. Qe3+ Ka8) 1-0